000 00687nam a2200265Ia 4500
003 OSt
005 20220918204809.0
006 a|||||r|||| 00| 0
007 ta
008 220917b |||||||| |||| 00| 0 eng d
024 _a114,095
037 _cTextual
040 _aARTS
_cARTS
_beng
041 _2eng
_aeng
082 _aV58:1:N5, J0
100 _aHarper Samuel N
_9113070
245 0 _aGovernment of the Soviet Union
250 _a2nd
260 _c1950
490 _aGovernments of Europe; 1
650 _aHISTORY
700 _a Thompson Ronald
_9113071
942 _hV58:1:N5, J0
_cTEXL
_2CC
999 _c237426
_d237426